Welcome to CU Library Online Public Access Catalogue (OPAC)

Readings on Financial Institutions and Markets (Record no. 8633)

MARC details
000 -LEADER
fixed length control field 00431nam a22001577a 4500
005 - DATE AND TIME OF LATEST TRANSACTION
control field 20260122200259.0
008 - FIXED-LENGTH DATA ELEMENTS--GENERAL INFORMATION
fixed length control field 260122b |||||||| |||| 00| 0 eng d
020 ## - INTERNATIONAL STANDARD BOOK NUMBER
International Standard Book Number 9780256145304
050 ## - LIBRARY OF CONGRESS CALL NUMBER
Classification number HG181 REA
100 ## - MAIN ENTRY--PERSONAL NAME
Personal name Rose Peter S.
245 ## - TITLE STATEMENT
Title Readings on Financial Institutions and Markets
Statement of responsibility, etc. Peter S. Rose
250 ## - EDITION STATEMENT
Edition statement 1995-1996 Ed.
260 ## - PUBLICATION, DISTRIBUTION, ETC.
Place of publication, distribution, etc. Boston
Name of publisher, distributor, etc. Irwin
Date of publication, distribution, etc. 1996
650 ## - SUBJECT ADDED ENTRY--TOPICAL TERM
Source of heading or term Finance
942 ## - ADDED ENTRY ELEMENTS (KOHA)
Source of classification or shelving scheme Library of Congress Classification
Koha item type Books
Edition 1995-1996 Ed.
Suppress in OPAC No
999 ## -
-- 8633
-- 8633
Holdings
Withdrawn status Lost status Source of classification or shelving scheme Damaged status Not for loan Collection Home library Current library Shelving location Date acquired Total checkouts Full call number Barcode Date last seen Copy number Price effective from Koha item type
    Library of Congress Classification     Non-fiction Business Library (Miotso) Business Library (Miotso) General stacks 01/22/2026   HG181 REA BSSM00002342 01/22/2026 1 01/22/2026 Books
    Library of Congress Classification     Non-fiction Business Library (Miotso) Business Library (Miotso) General stacks 01/22/2026   HG181 REA BSSM00002343 01/22/2026 2 01/22/2026 Books
    Library of Congress Classification     Non-fiction Business Library (Miotso) Business Library (Miotso) General stacks 01/22/2026   HG181 REA BSSM00002344 01/22/2026 3 01/22/2026 Books
    Library of Congress Classification     Non-fiction Business Library (Miotso) Business Library (Miotso) General stacks 01/22/2026   HG181 REA BSSM00002351 01/22/2026 4 01/22/2026 Books
    Library of Congress Classification     Non-fiction Business Library (Miotso) Business Library (Miotso) General stacks 01/22/2026   HG181 REA BSSM00002352 01/22/2026 5 01/22/2026 Books
© 2023-2024 Copyright: Central University Libraries. All Rights Reserved | Created by: Mahone Tech Office